| 000 | 01112nac a22002531i 4500 | ||
|---|---|---|---|
| 003 | EG-ScBUE | ||
| 005 | 20231001112002.0 | ||
| 008 | 121206s2006 xx f b 000 0bara d | ||
| 017 | _a2006 / 21445 | ||
| 040 |
_aEG-ScBUE _bara _erda _cEG-ScBUE _dEG-ScBUE |
||
| 082 | 0 | 4 |
_a920.7 _bع ب د _222 |
| 100 | 1 |
_aعبد الوهاب، حافظ شمس الدين، _eمؤلف. _931605 |
|
| 245 | 1 | 2 |
_aالدكتور علي علي حبيش : _bعالم تعتز به مصر / _cالدكتور حافظ شمس الدين عبد الوهاب. |
| 264 | 1 |
_a[مكان النشر غير محدد] : _b[اسم الناشر غير محدد]، _c2006. |
|
| 300 |
_a1 مجلد (متعدد الترقيم) : _bإيضاحيات ملونة ؛ _c24 سم |
||
| 336 |
_2rdacontent _aنص _btxt |
||
| 337 |
_2rdamedia _aبدون وسيط _bn |
||
| 338 |
_2rdacarrier _aمجلد _bnc |
||
| 504 | _aيشتمل على إرجاعات ببليوجرافية. | ||
| 600 | 1 | 7 |
_aحبيش، علي علي، _d1936- _2BUEsh _931606 |
| 650 | 7 |
_2BUEsh _aالتكنولوجيون _vتراجم. |
|
| 655 | _vReading book | ||
| 942 |
_cBB _k920.7 ع ب د _2ddc |
||
| 999 |
_c6168 _d6168 |
||